Birthplaces of Roman Catholic Popes prior to 1000 A.D. - Statistics

General Stats
  • This quiz has been taken 415 times
  • The average score is 9 of 12
Answer Stats
Number Country (2016) % Correct
119 Italy
100%
1 France
95%
1 Germany
90%
3 Greece
90%
1 Turkey
83%
2 Israel
81%
5 Syria
76%
1 Portugal
75%
1 Libya
63%
2 Croatia
61%
1 Algeria
58%
1** Palestine
37%
No matching quizzes found
Score Distribution
Percent of People with Each Score
Percentile by Number Answered
Your Score History
You have not taken this quiz